Advantages of the metric system (Record no. 500996)

000 -LEADER
fixed length control field 00332cam a22001217a 4500
008 - FIXED-LENGTH DATA ELEMENTS--GENERAL INFORMATION
fixed length control field 180718b1972 xxu||||| |||| 00| 0 eng d
082 ## - DEWEY DECIMAL CLASSIFICATION NUMBER
Classification number T82 Un3
100 ## - MAIN ENTRY--PERSONAL NAME
Personal name Ede, AJ
245 ## - TITLE STATEMENT
Title Advantages of the metric system
Statement of responsibility, etc. by AJ Ede
260 ## - PUBLICATION, DISTRIBUTION, ETC.
Place of publication, distribution, etc. London
Name of publisher, distributor, etc. Her Majesty's Stationery Office
Date of publication, distribution, etc. 1972
300 ## - PHYSICAL DESCRIPTION
Extent v, 92p.
650 ## - SUBJECT ADDED ENTRY--TOPICAL TERM
Topical term or geographic name entry element Metric system
Holdings
Withdrawn status Lost status Damaged status Not for loan Permanent Location Current Location Date acquired Full call number Barcode Date last seen Price effective from Koha item type
        Indian Institute of Public Administration Indian Institute of Public Administration 2018-08-04 T82 Un3 G11831 2018-08-04 2018-08-04 G

Powered by Koha